000 00949nam0a22002771 4500
001 rc\4655703
005 20250612143456.0
021 _aRU
_b[64-78144]
035 _a(NLR Aleph) 008694060
090 _a9257253
_c9257253
100 _a20130416d1964 |||y0rusy50 ca
101 0 _arus
102 _aRU
105 _aa z |||||
200 1 _aАрифметика экономии
210 _a[Москва]
_cМол. гвардия
_d1964
215 _a64 с.
_cил.
_d17
225 1 _a[Комсомольскому прожектористу]
606 _aКомсомольские организации и их работа
_2psbo
606 _aЭкономия и бережливость в народном хозяйстве СССР
_2psbo
700 1 _aПаньшин
_bР.В.
_gРодион Владимирович
801 0 _aRU
_bNLR
_gpsbo
801 1 _aRU
_bELAR
_2rusmarc
852 _aNLR
_j64-2/2903
942 _cBOOK
980 _aNB